| 000 | 00480nam a2200181Ia 4500 | ||
|---|---|---|---|
| 003 | GCL | ||
| 008 | 140319s9999 xx 000 0 eng d | ||
| 040 |
_aGCL / _cGCL |
||
| 082 | 0 | 4 |
_a373.241 _bS A |
| 100 | 1 | _aSNEDDON,J.S. | |
| 245 | 1 | 0 |
_aA PRACTICAL ENGLISH COURSE FOR FORIEGN STUDENT / _cSNEDDON,J.S. |
| 700 | 1 | _aSPENCE, C.S. | |
| 260 |
_a[S.N] : _bDAR AL-KITAB AL-MASRI ، _c1993 |
||
| 300 | _a214 P | ||
| 650 | 0 | 4 | _aGRAMMAR |
| 650 | 0 | 4 | _aENGLISH LANGUAGE |
| 942 |
_2ddc _cBK |
||
| 999 |
_c16705 _d16705 |
||